LEADER 01236oam 2200361zu 450 001 996201316103316 005 20210807003701.0 010 $a1-5090-7324-8 035 $a(CKB)2400000000002999 035 $a(SSID)ssj0000396280 035 $a(PQKBManifestationID)12155285 035 $a(PQKBTitleCode)TC0000396280 035 $a(PQKBWorkID)10464628 035 $a(PQKB)10367362 035 $a(EXLCZ)992400000000002999 100 $a20160829d2009 uy 101 0 $aeng 181 $ctxt 182 $cc 183 $acr 200 10$aIternational Conference on ScalableComputing ...and International Conforence on Embedded Computing 210 31$a[Place of publication not identified]$cIEEE Computer Society Press$d2009 300 $aBibliographic Level Mode of Issuance: Monograph 311 $a0-7695-3825-8 676 $a004.6 700 $aLi$b Keqiu$0763560 712 02$aIEEE Computer Society. 712 12$aInternational Conference on Embedded Computing$d(8th :$f2009 :$eDalian Shi, China) 801 0$bPQKB 906 $aPROCEEDING 912 $a996201316103316 996 $aIternational Conference on ScalableComputing ...and International Conforence on Embedded Computing$92383041 997 $aUNISA LEADER 03269nam 2200721Ia 450 001 9910779650403321 005 20230721010702.0 010 $a1-299-45331-7 010 $a0-7425-7559-4 035 $a(CKB)2550000001039670 035 $a(EBL)1165055 035 $a(OCoLC)855502981 035 $a(SSID)ssj0000906659 035 $a(PQKBManifestationID)12344287 035 $a(PQKBTitleCode)TC0000906659 035 $a(PQKBWorkID)10856593 035 $a(PQKB)10582227 035 $a(SSID)ssj0000861774 035 $a(PQKBManifestationID)12420839 035 $a(PQKBTitleCode)TC0000861774 035 $a(PQKBWorkID)10916111 035 $a(PQKB)11650433 035 $a(MiAaPQ)EBC1165055 035 $a(Au-PeEL)EBL1165055 035 $a(CaPaEBR)ebr10685441 035 $a(CaONFJC)MIL476581 035 $a(EXLCZ)992550000001039670 100 $a20071106d2007 uy 0 101 0 $aeng 135 $aur|n|---||||| 181 $ctxt 182 $cc 183 $acr 200 00$aCrime, punishment, and policing in China$b[electronic resource] /$fedited by Borge Bakken 205 $a1st paperback ed. 210 $aLanham $cRowman & Littlefield$dc2007 215 $a1 online resource (256 p.) 225 1 $aAsia/Pacific/perspectives 300 $aDescription based upon print version of record. 311 $a0-7425-3574-6 311 $a0-7425-3575-4 320 $aIncludes bibliographical references and index. 327 $aCover; Title Page; Copyright Page; Table of Contents; List of Figures and Tables; Preface; 1. Introduction: Crime, Control, and Modernity in China; Part I: Recent Dreams, Present Trends, and Future Scenarios; 2. Penology and Reformation in Modern China; 3. Comparative Perspectives on Crime in China; Part II: Prison and Punishment in Transition; 4. A Question of Difference: The Theory and Practice of the Chinese Prison; 5. Sizing up China's Prisons; Part III: Policing ""Market Socialism""; 6. Campaign-Style Policing in China and its Critics 327 $a7. Toward a Government of the Contract: Policing in the Era of ReformIndex; About the Author 330 $aCrime has long been a silent partner in China's march to modernization, just as law and order has become increasingly important in legitimizing the Chinese regime. This groundbreaking volume offers the first systematic exploration of the social, economic, political, legal, and practical parameters of crime and control, locating them within a broader milieu of turbulent development and transition. A multidisciplinary group of leading scholars draw on a rich body of empirical data and rare archival research to develop a theoretical, comparative, and historical context for understanding contempor 410 0$aAsia/Pacific/perspectives. 606 $aCrime$zChina 606 $aPolice$zChina 606 $aPrisons$zChina 606 $aPunishment$zChina 615 0$aCrime 615 0$aPolice 615 0$aPrisons 615 0$aPunishment 676 $a364.951 701 $aBakken$b Borge$01540601 801 0$bMiAaPQ 801 1$bMiAaPQ 801 2$bMiAaPQ 906 $aBOOK 912 $a9910779650403321 996 $aCrime, punishment, and policing in China$93792364 997 $aUNINA LEADER 01304nam 2200457 450 001 9910793000803321 005 20230808201914.0 010 $a1-62623-804-9 035 $a(CKB)3710000001177137 035 $a(Au-PeEL)EBL4842984 035 $a(CaPaEBR)ebr11375721 035 $a(OCoLC)983740081 035 $a(MiAaPQ)EBC4842984 035 $a(EXLCZ)993710000001177137 100 $a20170505h20162016 uy 0 101 0 $aeng 135 $aurcnu|||||||| 181 $2rdacontent 182 $2rdamedia 183 $2rdacarrier 200 14$aThe essential burn unit handbook /$fJeffrey J. Roth, William B. Hughes 205 $aSecond edition. 210 1$aStuttgart, [Germany] :$cThieme Verlag,$d2016. 210 4$dİ2016 215 $a1 online resource (220 pages) $cillustrations, tables 300 $aIncludes index. 311 $a1-62623-680-1 606 $aBurns$xtherapy 606 $aPhysiology, Pathological 615 0$aBurns$xtherapy. 615 0$aPhysiology, Pathological. 676 $a617.11 700 $aRoth$b Jeffrey J.$01583401 702 $aHughes$b William B. 801 0$bMiAaPQ 801 1$bMiAaPQ 801 2$bMiAaPQ 906 $aBOOK 912 $a9910793000803321 996 $aThe essential burn unit handbook$93866466 997 $aUNINA